| 000 | 00866nam a22003017a 4500 | ||
|---|---|---|---|
| 001 | 000706 | ||
| 003 | DO-SdBNP | ||
| 005 | 20240308113856.0 | ||
| 007 | 000706 | ||
| 008 | 161116b 2011 sp a ||| 00| 0 spa d | ||
| 020 | _a9789870401582 | ||
| 040 |
_aBPMSU _bspa _cBPMSU |
||
| 082 | 4 |
_aA863.6 _bM779ll 2011 _222 |
|
| 100 | 1 | _aMontes, Graciela | |
| 245 | 1 | 0 |
_aHabía una vez una [llave] / _cGraciela Montes y Isol. |
| 260 |
_aPerú : _bAlfaguara Infantil, _c2011 _g |
||
| 300 |
_a[12] p. : _bil. ; _c17 cm. |
||
| 490 | 0 | _aPictocuentos | |
| 490 | 1 | _aAlfaguara infantil | |
| 500 | _aPre-Lectores | ||
| 500 | _aIncluye datos de los autores. | ||
| 590 | _aInventariado, 2024/VM | ||
| 650 | 4 | _aCuentos infantiles argentinos | |
| 650 | 4 | _aLibros ilustrados infantiles | |
| 700 | 1 | _a Isol | |
| 910 | _aVMateo V. Control de calidad. BPMSU | ||
| 942 |
_2ddc _cBK |
||
| 999 |
_c11968 _d11968 |
||